Normal view MARC view

Entry Uniform Title

Number of records used in: 5

001 - CONTROL NUMBER

  • control field: 37801

003 - CONTROL NUMBER IDENTIFIER

  • control field: dpl

005 - DATE AND TIME OF LATEST TRANSACTION

  • control field: 20111229155131.0

008 - FIXED-LENGTH DATA ELEMENTS

  • fixed length control field: 111229|||a|||||| | ||| d

040 ## - CATALOGING SOURCE

  • Original cataloging agency: dpl
  • Transcribing agency: dpl

130 ## - HEADING--UNIFORM TITLE

  • Uniform title: Endangered planet

670 ## - SOURCE DATA FOUND

  • Source citation: Work cat.: (dpl)58020: Osborne, Stepehen 37800, Saving our habitats /, 2009

670 ## - SOURCE DATA FOUND

  • Source citation: Work cat.: (dpl)58020: Osborne, Stepehen 37800, Saving our habitats /, 2009

© Delhi Public Library
Hit Counter
free hit counter